[Event "Internet Section 06B g/8'+2\""]
[Site "Dos Hermanas"]
[Date "2004.03.06"]
[Round "2"]
[White "Hoffman, Steve"]
[Black "Schaffenburg Ruiz, Federico"]
[Result "0-1"]
[WhiteElo "1653"]
[BlackElo "2151"]
[PlyCount "78"]
[EventDate "2004.03.06"]
[EventType "swiss (blitz)"]
[EventRounds "9"]
[EventCountry "ESP"]
[SourceTitle "CBM 099 Extra"]
[Source "ChessBase"]
[SourceDate "2004.05.04"]
[SourceVersion "1"]
[SourceVersionDate "2004.05.04"]
[SourceQuality "1"]

1. e4 e6 2. d4 d5 3. Nc3 Nf6 4. Bg5 dxe4 5. Nxe4 Nbd7 6. Nf3 Be7 7. Bxf6 Nxf6 8. Nxf6+ Bxf6 9. c3 b6 10. Bb5+ Bd7 11. Bxd7+ Qxd7 12. 0-0 0-0 13. Qe2 Rfd8 14. Rad1 c6 15. Ne5 Qd6 16. Rfe1 c5 17. dxc5 Qxe5 18. Qxe5 Bxe5 19. cxb6 axb6 20. a3 Bf6 21. g3 Kf8 22. Kf1 Ke7 23. Ke2 g6 24. f4 h5 25. Ke3 Rac8 26. h3 Bxc3 27. bxc3 Rxc3+ 28. Kf2 Rxd1 29. Rxd1 Rxa3 30. Rb1 Ra6 31. Ke3 Kf6 32. Rb5 Ra3+ 33. Kf2 Ra6 34. h4 Ke7 35. Ke3 Kd6 36. Rb3 Ke7 37. Ke4 Kf6 38. Rb5 Ra3 39. Rxb6 Rxg3 0-1

[Event "Internet Section 06A g/8'+2\""]
[Site "Dos Hermanas"]
[Date "2004.03.06"]
[Round "5"]
[White "Schaffenburg Ruiz, Federico"]
[Black "Turgut, Bora"]
[Result "1-0"]
[WhiteElo "2090"]
[BlackElo "1677"]
[PlyCount "83"]
[EventDate "2004.03.06"]
[EventType "swiss (blitz)"]
[EventRounds "9"]
[EventCountry "ESP"]
[SourceTitle "CBM 099 Extra"]
[Source "ChessBase"]
[SourceDate "2004.05.04"]
[SourceVersion "1"]
[SourceVersionDate "2004.05.04"]
[SourceQuality "1"]

1. e4 e5 2. Nf3 Nc6 3. Bb5 a6 4. Bxc6 dxc6 5. h3 f6 6. d4 exd4 7. Qxd4 Qxd4 8. Nxd4 Bc5 9. Be3 Ne7 10. 0-0 Bxd4 11. Bxd4 Be6 12. Nc3 0-0-0 13. Rad1 b6 14. b3 c5 15. Be3 Rxd1 16. Rxd1 Rd8 17. Rxd8+ Kxd8 18. Kf1 Kd7 19. Ke2 Kc6 20. a4 b5 21. axb5+ axb5 22. g4 g5 23. f4 h6 24. e5 gxf4 25. Bxf4 Ng6 26. Bxh6 fxe5 27. Ne4 Kd5 28. Ke3 Nh4 29. Nf6+ Kc6 30. Bg5 Ng2+ 31. Kf2 Nf4 32. Bxf4 exf4 33. Kf3 b4 34. h4 c4 35. bxc4 Bxc4 36. h5 Bd3 37. cxd3 b3 38. Ne4 b2 39. Nd2 Kb5 40. h6 Kb4 41. h7 Kc3 42. h8Q+ 1-0

[Event "Carlos Torre Memorial op 15th"]
[Site "Merida"]
[Date "2002.12.13"]
[Round "1"]
[White "Mitkov, Nikola"]
[Black "Schaffenburg Ruiz, Federico"]
[Result "1-0"]
[WhiteElo "2529"]
[BlackElo "2163"]
[PlyCount "103"]
[EventDate "2002.12.13"]
[EventType "swiss"]
[EventRounds "9"]
[EventCountry "MEX"]
[SourceTitle "CBM 091 Extra"]
[Source "ChessBase"]
[SourceDate "2003.01.09"]
[SourceVersion "1"]
[SourceVersionDate "2003.01.09"]
[SourceQuality "1"]

1. e4 e6 2. d4 d5 3. Nc3 Nf6 4. e5 Nfd7 5. f4 c5 6. Nf3 Nc6 7. Be3 Qb6 8. Be2 a6 9. Na4 Qa5+ 10. c3 cxd4 11. b4 Nxb4 12. cxb4 Bxb4+ 13. Bd2 Bxd2+ 14. Nxd2 b5 15. Nb2 Nc5 16. 0-0 Qc3 17. Rc1 Qxb2 18. Rxc5 d3 19. Qc1 Qxc1 20. Rfxc1 dxe2 21. Rxc8+ Rxc8 22. Rxc8+ Kd7 23. Rc1 Rc8 24. Re1 Rc2 25. Nf3 d4 26. Kf2 d3 27. Ke3 d2 28. Nxd2 Rxa2 29. Rc1 Rc2 30. Rb1 f6 31. exf6 gxf6 32. Kxe2 Ke7 33. Kd3 Rc6 34. Nb3 Rc4 35. g3 e5 36. fxe5 fxe5 37. Nd2 Rd4+ 38. Ke3 Ke6 39. Rc1 Kf5 40. Rc7 h5 41. Rh7 h4 42. Rh5+ Kf6 43. Nf3 Ra4 44. Rh6+ Kg7 45. Rxh4 Rxh4 46. Nxh4 a5 47. Nf3 Kf6 48. Nd2 a4 49. h4 b4 50. h5 Kg5 51. g4 b3 52. Nb1 1-0